| 000 | 00643nam a22001817a 4500 | ||
|---|---|---|---|
| 999 |
_c186434 _d186434 |
||
| 005 | 20220302104941.0 | ||
| 010 | _aENG-131831 | ||
| 020 |
_a9789389080070 _c120.00 |
||
| 035 | _aEN-115363 | ||
| 037 | _bDBAD/PUB | ||
| 082 | _a881 | ||
| 100 | _aVirumbi's, Muththamizh | ||
| 245 |
_aSpeaking with You: _bWith The touch of classics Tamil Literature/ _cMuththamizh Virumbi's and Translated by C. Rajeswari |
||
| 260 |
_aChennai _bOlivannan Gopalakrishnan _c2019 |
||
| 270 |
_a15 A, First Floor, Casa Major Road, Egmore _bChennai _e600008 _minfo@emeraldpublishers.com |
||
| 300 |
_a81p. _c18cm(pbk) |
||
| 942 |
_2ddc _cEN _h881 _mVIR |
||